000 00899nam0a22002531 4500
001 rc\3381921
005 20260407065123.0
021 _aRU
_b[70-13869]
035 _a(NLR Aleph) 007453038
090 _a7236477
_c7236477
100 _a20130115d1970 |||y0rusy50 ca
101 1 _arus
_ctgk
102 _aRU
105 _aa z |||a|
200 1 _aБухарские палачи
_aСмерть ростовщика
_aЯтим
_e[Повести
_eПер. с тадж.
_fИл.: С. Вишнепольский]
210 _aДушанбе
_cИрфон
_d1970
215 _a348 с.
_cил.
_d21
700 1 _8rus
_7ca
_aАйни
_bС.
_cтаджикский сов. писатель
_f1878-1954
_gСадриддин
_3RU\NLR\auth\7715967
_9125612
702 1 _aВишнепольский
_bС.
_4440
801 0 _aRU
_bNLR
_gpsbo
801 1 _aRU
_bELAR
_2rusmarc
852 _aNLR
_j70-3/168
942 _cBOOK
980 _aNB